000
00308nam a2200121Ia 4500
008
220216s9999 xx 000 0 und d
100
_a
Buist J M
245
0
_a
Abrasion resistance and its measurement
260
_b
IRI Transactions
_c
1950
300
_a
192-222
650
_a
Abrasion resistance
942
_c
JS
999
_c
53712
_d
53712